000 00352nam a2200121Ia 4500
008 220216s9999 xx 000 0 und d
100 _aCretin C
245 0 _aNature of variations in the properties of rubber under different coagulation conditions
260 _bTransactions of the IRI
_c1956
300 _a55-68
650 _aCoagulation
942 _cJS
999 _c63701
_d63701